Statistics for AJR Trivia

Click here to take the quiz!

General Stats

  • This quiz has been taken 66 times
  • The average score is 8 of 25

Answer Stats

QuestionAnswer% Correct
This album has a deluxe versionThe Click
78%
These two album titles are never said in any of the songs on themLiving Room/OKO
62%
This AJR band member is double-jointedJack
60%
This song title is an onomatopoeiaBang!
54%
This AJR song mentions a popular streaming serviceNetflix Trip
48%
This song has a comma in the titleWow, I'm Not Crazy?
48%
AJR met up with this popular artist after tweeting them their I'm Ready music videoSia
46%
AJR started out street performing in this NY parkCentral Park
42%
The father of AJR BrothersGary
42%
AJR wrote and performed the anthem for this social movement that works to stop assault on campusIt's On Us
38%
This term was coined by AJR meaning 'electronic cut-up voice manipulation'Spokestep
28%
Ryan has this perceptual phenomenon where he sees songs as colors known asSynesthesia
28%
Adam is currently working toward this educational degreePhD
26%
This song mentions 2 celebritiesRole Models
24%
This AJR song became the theme song for the gun violence movement March For Our LivesBurn The House Down
22%
Jack's iconic trapper hat is made by this popular clothing brandL.L. Bean
22%
This natural disaster was happening while AJR was writing their hit "I'm Ready"Hurricane Sandy
20%
The original name of this EP was "6foot1"I'm Ready EP
20%
This Living Room song was originally written for another artist but AJR decided to keep it for their albumThirsty
16%
This EP (not album) features clouds on the coverInfinity EP
10%
Ryan co-wrote the song "Back Home" by this popular artistAndy Grammer
8%
This breed of dog is the breed of AJR's beloved ShayBouvier
4%
This female artist sang additional vocals for The Click and NeotheaterSamia
4%
The What Everyone's Thinking EP and The Click album covers were designed by this artistJohn Loren
2%
Adam is the director of this nonprofit organizationSustainable Partners
2%

Score Distribution

Percentile by Number Answered

Percent of People with Each Score

Your Score History

You have not taken this quiz